000 00696nam a2200181Ia 4500
008 151202s9999||||xx |||||||||||||| ||und||
082 _bPNVM-3685
100 _aरानडे राम.
245 _aप्रो. विष्णू गोंविद विजापूरकर.
260 _b"चिटणीस वाडमय मंडळ, पुणे."
260 _c0
300 _a0
600 _aरानडे राम.
630 _aप्रो. विष्णू गोंविद विजापूरकर.
700 _aरानडे राम.
730 _aप्रो. विष्णू गोंविद विजापूरकर.
942 _cBOOK
999 _c1269683
_d1269680